Pays les plus proches de la Croatie - une minute sprint - Statistiques

Statistiques générales
  • Ce quiz a été pris 79 fois
  • Le résultat moyen est 15 sur 20
Statistiques - réponses
km pays % Correct
0 Slovénie
95%
12 Italie
93%
0 Serbie
93%
0 Monténégro
92%
0 Bosnie- Herzégovine
89%
270 Grèce
85%
70 Albanie
84%
128 Kosovo
84%
107 Roumanie
84%
0 Hongrie
82%
177 Macédoine
80%
23 Autriche
77%
315 Bulgarie
74%
261 Suisse
72%
168 Slovaquie
66%
141 Saint-Marin
59%
233 Allemagne
56%
314 Vatican
54%
234 Tchèquie
52%
345 Liechtenstein
48%
Aucun quiz correspondant
Distribution des résultats
% des personnes avec chaque résultat
Percentile par nombre de réponses
Votre historique - résultats
Vous n’avez pas pris ce quiz